Matemáticas 1 / (Registro nro. 20704)

Detalles MARC
000 -LEADER
fixed length control field 01279nam a2200301 4500
001 - CONTROL NUMBER
control field 0000014816
003 - CONTROL NUMBER IDENTIFIER
control field CO-CtgCURN
005 - DATE AND TIME OF LATEST TRANSACTION
control field 20250331184730.0
007 - PHYSICAL DESCRIPTION FIXED FIELD--GENERAL INFORMATION
fixed length control field ta
008 - FIXED-LENGTH DATA ELEMENTS--GENERAL INFORMATION
fixed length control field 160627s1995 000 0 eng d
020 ## - INTERNATIONAL STANDARD BOOK NUMBER
International Standard Book Number 8448117913
040 ## - CATALOGING SOURCE
Original cataloging agency CO-CtgCURN
Language of cataloging spa
Transcribing agency coctgcurn
082 0# - DEWEY DECIMAL CLASSIFICATION NUMBER
Classification number 510
Item number M416
245 00 - TITLE STATEMENT
Title Matemáticas 1 /
Statement of responsibility, etc. Luis Pancorbo Palenzuela ... [et al.] , revision tecnica Inmaculada Jiménez Griñan.
260 ## - PUBLICATION, DISTRIBUTION, ETC.
Place of publication, distribution, etc. Madrid :
Name of publisher, distributor, etc. McGraw-Hill,
Date of publication, distribution, etc. 1995.
300 ## - PHYSICAL DESCRIPTION
Extent 255 p.
336 ## - CONTENT TYPE
Source rdacontent
337 ## - MEDIA TYPE
Source rdamedia
Media type term sin mediacion
Media type code n
338 ## - CARRIER TYPE
Source rdacarrier
Carrier type term volumen
Carrier type code nc
500 ## - GENERAL NOTE
General note Incluye ejercicios y autoevaluaciones.
505 8# - FORMATTED CONTENTS NOTE
Formatted contents note Numeros naturales.--Potencias, raiz cuadrada.--Divisibilidad.--Fracciones y decimales.--Operaciones con fracciones y numeros decimales.--Proporcionalidad numerica.--Graficas.--Introducción a la geometria.--La medida.--Medida del tiempo y de los angulos.--Figuras planas.--Cuerpos geometricos.--Introducción al azar
650 14 - SUBJECT ADDED ENTRY--TOPICAL TERM
Topical term or geographic name entry element Matemáticas
Form subdivision Enseñanza primaria.
700 1# - ADDED ENTRY--PERSONAL NAME
Personal name Pancorbo Palenzuela, Luis.
908 ## - PUT COMMAND PARAMETER (RLIN)
Put command parameter 160627
942 ## - ADDED ENTRY ELEMENTS (KOHA)
Koha item type Libros
Classification part 510
Item part M416
Source of classification or shelving scheme Dewey Decimal Classification
Existencias
Withdrawn status Lost status Source of classification or shelving scheme Damaged status Not for loan Collection Home library Current library Shelving location Date acquired Inventory number Total checkouts Full call number Barcode Date last seen Copy number Price effective from Koha item type Public note
    Dewey Decimal Classification     General Miguel Henríquez Castañeda Miguel Henríquez Castañeda General 03/31/2025 007161   510 M416 007161 03/31/2025 ej.2 03/31/2025 Libros 510-MATEMA
    Dewey Decimal Classification     General Miguel Henríquez Emiliani Miguel Henríquez Emiliani General 03/31/2025 007160   510 M416 007160 03/31/2025 ej.1 03/31/2025 Libros 510-MATEMA